Регионална библиотека "Любен Каравелов" - Русе

Загадката Орион (Запис номер 109844)

MARC детайли
000 -Лидер
Контролно поле с фиксирана дължина 02861nam a2200457 c 4500
003 - Код на организацията, давaща контролен номер
Контролно поле BLK
005 - Дата и час на последна редакция
Контролно поле 20250502175022.0
008 - Елементи от данни с фиксирана дължина
fixed length control field 180409b bul|||||r ||||||| ||bul||
010 ## - Наследен системен номер
LC control number KNG00115165000
020 ## - Международен стандартен номер на книга ISBN
Международен стандартен номер на книга ISBN 954-585-567-3
-- издат.: Бард
040 ## - Източник на каталожния запис
Идентификатор на билиотеката - собственик на записа BLK
041 ## - Код за език
Код за езика на текст/звукозапис или на отделно заглавие Български
Код за езика КДБФ Български
080 ## - УДК
Текстов определител УДК Паметници на културата на историческите периоди. Археологическите паметници. Старини
УДК код - определител по УДК 904
УДК определител (32)
УДК - код + определител 904(32)
080 ## - УДК
Текстов определител УДК История на Египет (до 640 г. н. е.)
УДК код - определител по УДК 932
УДК определител
УДК - код + определител 932
080 ## - УДК
Текстов определител УДК Астрономия. Астрофизика. Космология. Геодезия
УДК код - определител по УДК 52
УДК определител (32)
УДК - код + определител 52(32)
080 ## - УДК
Текстов определител УДК Разпространяване на научните знания - популяризиране на науката, занимателна наука, учение за явленията научно необяснени, заблуждения и фалшификации, илюзии и др. п., секретност на научните знания
УДК код - определител по УДК 001.9
УДК определител
УДК - код + определител 001.9
100 1# - Редна дума - Автор
Автор Бовал, Робърт
Авторска отговорност първи автор
R(LIN) 368828
139 ## - Редно поле
Редна дума Бювал, Робърт и др.
Авторски знак Бю - Б 96
245 10 - Сведения за заглавието
Заглавие Загадката Орион
Подзаглавни данни Свещените тайни на египетските пирамиди
Редно поле (дума) Робърт Бовал; съавт. Ейдриън Джефри Гилбърт; прев. Боряна Гечева; * Робърт Бювал.
250 ## - Област на изданието
Сведения за изданието 2. изд.
257 ## - Страна на издаване
Страна на създаване/издаване Великобритания
260 ## - Област на издателските данни
-- София
Име на издателя, разпространителя и проч. Бард
Година на издаване 2004
300 ## - Физическа характеристика
Страници 301 с.
Размери/Мащаб 21 см
380 ## - Жанр
Жанр Худож. лит.
490 1# - СЕРИИ (Колекции)
Име на серия Поредица Загадки и мистерии
500 ## - Общи забележки
Забележка Ориг. загл. The Orion Mystery / Robert Bauval and Adrian Gilbert. - Авт. Робърт Бовал е известен като Робърт Гастон Бювал. - 1. изд. 1996 със загл. Загадката Орион : Разкрийте тайните на египетските пирамиди на изд. Абагар Холдинг. - На гърба на кор. ISBN 954-585-542-8 грешен Офс. изд.
650 #4 - Допълнително описание по предмет – тема
Основно описание – тема или топоним Археологически паметници - Древен Египет
9 (RLIN) 256657
650 #4 - Допълнително описание по предмет – тема
Основно описание – тема или топоним Пирамиди - Древен Египет
9 (RLIN) 244478
653 ## - Ключова дума – ненормативна
Ключова дума археологически паметници
653 ## - Ключова дума – ненормативна
Ключова дума пирамиди
653 ## - Ключова дума – ненормативна
Ключова дума Древен Египет
700 1# - Други автори (авторска отговорност)
Лично име Гилбърт, Ейдриън Джефри
Автороска отговорност (Описва отношението между автора и произведението) съавт.
9 (RLIN) 375686
700 1# - Други автори (авторска отговорност)
Лично име Гечева, Боряна
Автороска отговорност (Описва отношението между автора и произведението) прев.
9 (RLIN) 372167
700 1# - Други автори (авторска отговорност)
Лично име Бювал, Робърт
Автороска отговорност (Описва отношението между автора и произведението) *
9 (RLIN) 368829
852 ## - Местоположение
Форматна сигнатура Цб 220949
856 4# - Електронен адрес и достъп
Електронен формат pdf - файл
Път до файла /url/
856 4# - Електронен адрес и достъп
Електронен формат pdf - файл
Път до файла /url/
942 ## - АРТИКУЛИ
Вид на библиотечния материал Книги
Скрит в OPAC Не
Koha issues (borrowed), all copies 10
944 ## - СЪЗДАВАНЕ И РЕДАКЦИЯ на ЗАПИСА
Създаване/Редакция Създаване
Дата на регистрацията/редакция 28.09.2004
Служител, извършил регистрацията/редакцията 30544
Статус, дата на статуса Цветелина Желева
944 ## - СЪЗДАВАНЕ И РЕДАКЦИЯ на ЗАПИСА
Създаване/Редакция Редакция
Дата на регистрацията/редакция 18.05.2006
Служител, извършил регистрацията/редакцията
999 ## - СИСТЕМНИ КОНТРОЛНИ НОМЕРА
Koha biblionumber 109844
Koha biblioitemnumber 109844
Наличности
Код за отписване Код за изгубен артикул Източник на класификационната схема Код за повреда Коз за рестрикции Код за отдаване Артикулен № Име на библиотеката - собственик Име на библиотеката, в която се намира в момента Статус (Текущо местоположение) Дата на вписване в системата Местоположение - отдел Цена в лева Инвентарен номер Систематично азбучна сигнатура Баркод Номер на екземпляра Цена в евро Служебна бележка Служебен тип на артикула
  Не е изгубен Universal Decimal Classification Не е повреден без рестрикции заемане за дома 177012 Регионална библиотека "Любен Каравелов" Русе Регионална библиотека "Любен Каравелов" Русе Заемна - подръчен фонд 2004-09-28 Заемна - подръчен фонд 10.99 120000688797 П 904/Б 96 120000688797 1 5.62 Дост: Pk Вид: Ф N: 28 Дата: 28.09.2004 Дата инв: 16.02.2018 Бележки инв: П2018 Книги
  Не е изгубен   Не е повреден без рестрикции ползва се в читалня 177013 Регионална библиотека "Любен Каравелов" Русе Регионална библиотека "Любен Каравелов" Русе Хранилище 2006-05-15 Хранилище 10.99 120000701981 Цб 220949 120000701981 2 5.62 Дост: Dp Вид: Д N: 17 Дата: 20.04.2005 Книги
Vip Innovations Ltd, Rousse, Bulgaria 2025